Among Us Rooms - Statistics

General Stats
  • This quiz has been taken 75 times
    72 since last reset
  • The average score is 34 of 41
Answer Stats
Answer % Correct
The Skeld Admin
96%
Mira HQ Admin
96%
Polus Admin
96%
The Skeld Electrical
96%
Polus Electrical
96%
The Skeld O2
96%
Polus O2
96%
The Skeld Cafeteria
94%
Mira HQ Cafeteria
94%
The Skeld Medbay
92%
Mira HQ Medbay
92%
Polus Medbay
92%
The Skeld Shields
92%
The Skeld Weapons
92%
Polus Weapons
92%
The Skeld Communications
90%
Mira HQ Communications
90%
Polus Communications
90%
The Skeld Lower Engine
90%
The Skeld Navigation
90%
The Skeld Reactor
90%
Mira HQ Reactor
90%
The Skeld Storage
90%
Mira HQ Storage
90%
Polus Storage
90%
The Skeld Upper Engine
90%
The Skeld Security
87%
Polus Security
87%
Mira HQ Office
73%
Polus Office
73%
Mira HQ Decontamination
67%
Polus Decontamination
67%
Mira HQ Laboratory
67%
Polus Laboratory
67%
Mira HQ Greenhouse
63%
Mira HQ Balcony
62%
Mira HQ Locker Room
60%
Polus Dropship
58%
Mira HQ Launchpad
58%
Polus Specimen Room
58%
Polus Boiler Room
48%
No matching quizzes found
Score Distribution
Percent of People with Each Score
Percentile by Number Answered
Your Score History
You have not taken this quiz since the last reset